| 000 | 00448nam a2200157 i 4500 | ||
|---|---|---|---|
| 001 | 62665 | ||
| 003 | ES-MaACL | ||
| 005 | 20230906164717.0 | ||
| 007 | t| | ||
| 008 | 031124s1955 sp ||||1| spa d | ||
| 100 | 1 |
_aFernández Arroyo, José. _949482 |
|
| 245 | 1 | 0 |
_aTratado de las cosas alegres / _cJosé Fernández Arroyo. |
| 260 |
_aMadrid : _bTrilce, _c1955 ( _fBachende) |
||
| 300 |
_a34 p. ; _c21 cm. |
||
| 852 |
_aES-MaACL _j1991-F-12 _bR.38262 |
||
| 999 |
_c62665 _d62665 |
||